[Event "AUT-chT2W 2223"]
[Site "Austria"]
[Date "2023.04.22"]
[Round "10.2"]
[White "Greussing, Stefan"]
[Black "De Francesco, Klaus"]
[Result "0-1"]
[WhiteElo "1898"]
[BlackElo "2180"]
[PlyCount "118"]
[EventDate "2022.09.23"]
[EventType "team-tourn"]
[EventRounds "11"]
[EventCountry "AUT"]
[SourceTitle "EXT 2024"]
[Source "ChessBase"]
[SourceDate "2023.10.10"]
[SourceVersion "1"]
[SourceVersionDate "2023.10.10"]
[SourceQuality "1"]
[WhiteTeam "Hohenems II"]
[BlackTeam "Absam"]
[WhiteTeamCountry "AUT"]
[BlackTeamCountry "AUT"]

1. e4 e6 2. d4 d5 3. Nc3 Nf6 4. e5 Nfd7 5. f4 c5 6. Nf3 Nc6 7. Be3 a6 8. Qd2 b5 9. Bd3 b4 10. Nd1 Qb6 11. c3 bxc3 12. bxc3 cxd4 13. Nxd4 Nxd4 14. Bxd4 Bc5 15. Qf2 0-0 16. 0-0 f6 17. exf6 Bxd4 18. Qxd4 Qxd4+ 19. cxd4 Nxf6 20. Ne3 Bd7 21. f5 exf5 22. Nxf5 Rfe8 23. Rae1 Rxe1 24. Rxe1 g6 25. Nd6 Rb8 26. Rb1 Rxb1+ 27. Bxb1 Kf8 28. h3 Ke7 29. Nb7 Bb5 30. Nc5 Ne8 31. a4 Bc4 32. Kf2 Nd6 33. g4 Kf6 34. Kg3 h6 35. Nd7+ Ke7 36. Ne5 g5 37. Kf3 Ke6 38. Bd3 a5 39. Ke3 Bb3 40. Nc6 Bxa4 41. Nxa5 Kd7 42. Kd2 Kc7 43. Kc3 Kb6 44. Kb4 Bd1 45. Nb3 Bxb3 46. Kxb3 Nb5 47. Bh7 Nxd4+ 48. Kc3 Kc5 49. Kd2 Kd6 50. Ke3 Ke5 51. Bd3 Ne6 52. Be2 Nf4 53. Bf1 d4+ 54. Kf3 Kd5 55. h4 d3 56. Ke3 Kc4 57. hxg5 hxg5 58. Kd2 Kd4 59. Kd1 Ke3 0-1

[Event "Bodensee op"]
[Site "Bregenz"]
[Date "2019.06.01"]
[Round "8"]
[White "Greussing, Stefan"]
[Black "Willemsma, Abe"]
[Result "1-0"]
[WhiteElo "1847"]
[BlackElo "2121"]
[PlyCount "83"]
[EventDate "2019.05.25"]
[EventType "swiss"]
[EventRounds "9"]
[EventCountry "AUT"]
[SourceTitle "CBM 190 Extra"]
[Source "ChessBase"]
[SourceDate "2019.07.15"]
[SourceVersion "1"]
[SourceVersionDate "2019.07.15"]
[SourceQuality "1"]

1. d4 Nf6 2. Bg5 c5 3. d5 Qb6 4. Bxf6 exf6 5. e4 Qxb2 6. Nd2 Qb6 7. Ngf3 d6 8. Bd3 g6 9. 0-0 Bg7 10. Rb1 Qc7 11. h3 0-0 12. Nh2 Nd7 13. f4 Nb6 14. c4 f5 15. exf5 Bxf5 16. Bxf5 gxf5 17. Qh5 Qe7 18. Rb3 Qf6 19. Rg3 Kh8 20. Nhf3 Bh6 21. Nh4 Qd4+ 22. Kh1 Bxf4 23. Nxf5 Qxd2 24. Rg7 Bh6 25. Nxh6 Kxg7 26. Nxf7 Qd3 27. Qh6+ Kg8 28. Qf6 Qxf1+ 29. Qxf1 Rxf7 30. Qd3 Rd8 31. Qd2 Rdf8 32. Qc3 Rf4 33. Qa5 Nxc4 34. Qxa7 Ne3 35. Qa3 Nxg2 36. Qg3+ Kh8 37. Qc3+ Kg8 38. Qg3+ Kf7 39. Qxg2 Re8 40. Qd2 Rf5 41. Qh6 Ke7 42. Qe6+ 1-0

[Event "Brno CEZ op"]
[Site "Brno"]
[Date "2014.08.31"]
[Round "9"]
[White "Greussing, Stefan"]
[Black "Prokop, Jiri"]
[Result "1-0"]
[WhiteElo "1803"]
[BlackElo "1693"]
[PlyCount "107"]
[EventDate "2014.08.24"]
[EventType "swiss"]
[EventRounds "9"]
[EventCountry "CZE"]
[SourceTitle "CBM 162 Extra"]
[Source "ChessBase"]
[SourceDate "2014.10.17"]
[SourceVersion "1"]
[SourceVersionDate "2014.10.17"]
[SourceQuality "1"]

1. e4 d6 2. d4 Nf6 3. Nc3 g6 4. Nf3 Bg7 5. Be2 c6 6. a4 Qc7 7. 0-0 0-0 8. h3 a6 9. Be3 Nbd7 10. Qd2 e6 11. Rfe1 Re8 12. b4 b6 13. e5 Nd5 14. Nxd5 cxd5 15. exd6 Qxd6 16. Bf4 Qe7 17. Rac1 Bb7 18. c4 Rac8 19. c5 bxc5 20. bxc5 e5 21. Nxe5 Nxe5 22. Bxe5 Bxe5 23. Bg4 f5 24. Rxe5 Qd7 25. Rxe8+ Rxe8 26. Bd1 Bc6 27. a5 Qe6 28. Bf3 Kg7 29. Rb1 Bb5 30. Qa2 Bc4 31. Rb7+ Kf8 32. Qd2 Kg8 33. Qh6 Qe1+ 34. Kh2 Re7 35. Rxe7 Qxe7 36. Qe3 Qc7+ 37. Qe5 Qxe5+ 38. dxe5 Kf7 39. Kg3 Ke6 40. Kf4 h6 41. h4 Bb5 42. g4 g5+ 43. hxg5 hxg5+ 44. Kxg5 fxg4 45. Bxg4+ Kxe5 46. f4+ Kd4 47. f5 Kxc5 48. f6 Kd6 49. Kg6 Be8+ 50. Kg7 Ke5 51. Be2 Kd6 52. Bxa6 Kc5 53. Bd3 d4 54. Bg6 1-0